Quizz sur Napoléon Bonaparte - Statistiques

Statistiques générales
  • Ce quiz a été pris 252 fois
  • Le résultat moyen est 9 sur 20
Statistiques - réponses
Questions Réponses % Correct
Quel code juridique a été promulgué par Napoléon en 1804 ? Le Code Civil
92%
Quelle bataille célèbre Napoléon a-t-il perdue en 1815 ? La bataille de Waterloo
88%
Où Napoléon a-t-il été exilé après sa première abdication en 1814 ? Ile d'Elbe
84%
Quelle île a été le lieu d’exil final de Napoléon après sa défaite à Waterloo ? Île de Sainte-Hélène
84%
Quel titre Napoléon a-t-il pris en 1804 ? Empereur des français
66%
En quelle année Napoléon est-il mort ? 1821
61%
Quel était le nom de la coalition qui a vaincu Napoléon à Waterloo ? La Septième Coalition
61%
Quel était le nom de l’armée de Napoléon ? La Grande Armée
53%
En quelle année Napoléon est-il né ? 1769
50%
Qui était la première épouse de Napoléon ? Joséphine de Beauharnais
48%
Quelle bataille de 1800 a consolidé le pouvoir de Napoléon en Italie ? Bataille de Marengo
31%
Quelle bataille a marqué la première grande victoire de Napoléon en Italie ? La Bataille D'Arcole
31%
Quel était le nom de la seconde épouse de Napoléon ? Marie-Louise d’Autriche
28%
Quel était le nom du frère aîné de Napoléon qui est devenu roi d’Espagne ? Joseph Bonaparte
23%
uel maréchal français, connu pour sa fidélité à Napoléon, a commandé les troupes lors de la bataille de Waterloo et a été critiqué pour ne pas avoir rejoint Napoléon à temps ? Grouchy
21%
Quel traité a mis fin aux guerres napoléoniennes en 1815 ? Le traité de Paris
20%
Quelle bataille du 14 juin 1807 est considérée comme l’une des plus grandes victoires de Napoléon ? Friedland
19%
Quel traité signé en 1807 a mis fin à la guerre entre la France et la Russie ? Traité de Tilsit
15%
Quel était le nom de la résidence de Napoléon à Paris ? Le Palais des Tuileries
10%
Quel était le nom de naissance de Napoléon ? Napoleone di Buonaparte
2%
Aucun quiz correspondant
Distribution des résultats
% des personnes avec chaque résultat
Percentile par nombre de réponses
Votre historique - résultats
Vous n’avez pas pris ce quiz